| 000 | 00000nam 2200000za 4500 |
| 001 | 9.837686 |
| 003 | CaOODSP |
| 005 | 20231208112857 |
| 007 | cr ||||||||||| |
| 008 | 170605s2015 onc ob f000 0 eng d |
| 040 | |aCaOODSP|beng |
| 043 | |an-cn--- |
| 086 | 1 |aPS83-3/336E-PDF |
| 245 | 00|aResilience factors related to success on release for offenders with mental disorders |h[electronic resource] / |cLynn Stewart... [et al.]. |
| 260 | |aOttawa : |bCorrectional Service of Canada, |c2015. |
| 300 | |avi, 49 p. : |btables. |
| 490 | 1 |aResearch report ; |vR-336 |
| 500 | |aIssued also in French under title: Facteurs de résilience liés à la mise en liberté réussie des délinquants atteints d'un trouble mental. |
| 500 | |a"June 2015." |
| 504 | |aIncludes bibliographical references. |
| 520 | |a"This research has contributed to the effective corrections approach that has probably been the single most influential approach to evidenced-based practice in corrections (e.g., Andrews & Bonta, 2010; Smith, Gendreau, & Swartz, 2009). Specifically, research identifying static and dynamic risk factors related to recidivism has elucidated the risk and need principles of the effective corrections framework".--Intro. |
| 692 | 07|2gccst|aInmates |
| 692 | 07|2gccst|aMental health |
| 700 | 1 |aStewart, Lynn Ann. |
| 710 | 1 |aCorrectional Service Canada. |bResearch Branch. |
| 775 | 08|tFacteurs de résilience liés à la mise en liberté réussie des délinquants atteints d'un trouble mental |w(CaOODSP)9.837698 |
| 830 | #0|aResearch report (Correctional Service Canada. Research Branch)|vR-336|w(CaOODSP)9.506063 |
| 856 | 40|qPDF|s319 KB|uhttps://publications.gc.ca/collections/collection_2017/scc-csc/PS83-3-336-eng.pdf |